Soveršenstvovanije mechanizma upravlenija naučno-techničeskim progressom /

Uložené v:
Podrobná bibliografia
Hlavný autor: Galuza, Stanislav Grigor´jevič (Author)
Médium: Kniha
Jazyk:Russian
Vydané: Minsk : Nauka i technika, 1987
Vydanie:1. izd.
ISBN: (viaz.)
Fyzický popis: 222 s.
Tagy: Pridať tag
Žiadne tagy, Buďte prvý kto otaguje tento záznam!

MARC

LEADER 00000nam a2200000 a 4500
001 000291221
005 20070104162927.0
008 070104s1987 bw e 000 0 ruso
020 |a (viaz.) 
040 |a SVKKK  |b slo  |c SVKKK  |e AACR2 
041 0 |a rus 
044 |a bw  |c BY 
100 1 |a Galuza, Stanislav Grigor´jevič  |4 aut 
245 1 0 |a Soveršenstvovanije mechanizma upravlenija naučno-techničeskim progressom /  |c Stanislav Grigor´jevič Galuza ... [et al.] 
250 |a 1. izd. 
260 |a Minsk :  |b Nauka i technika,  |c 1987 
300 |a 222 s. 
998 |a BK 
090 |g SCKHL  |k Sklad Pribinova 2. posch.  |a II.313810  |j 764164  |i B95394  |s Absenčne